Hlavné tendencie rastu a štruktúrnych zmien slovenskej ekonomiky po vstupe do Európskej únie záverečná správa za celú dobu riešenia projektu VEGA 1/2551/05 : doba riešenia projektu od 01/2005 do 12/2007
Salvato in:
| Autore principale: | |
|---|---|
| Altri autori: | , , , , , , , , , |
| Natura: | Libro |
| Lingua: | slovacco |
| Pubblicazione: |
Bratislava
2008
|
| Soggetti: | |
| Tags: |
Nessun Tag, puoi essere il primo ad aggiungerne!!
|
MARC
| LEADER | 00000nam a2200000 4500 | ||
|---|---|---|---|
| 001 | 0172122 | ||
| 005 | 20240611074619.2 | ||
| 041 | 0 | |a slo | |
| 044 | |a SK | ||
| 245 | 1 | 0 | |a Hlavné tendencie rastu a štruktúrnych zmien slovenskej ekonomiky po vstupe do Európskej únie |b záverečná správa za celú dobu riešenia projektu VEGA 1/2551/05 : doba riešenia projektu od 01/2005 do 12/2007 |c vedúci projektu Pavol Vincúr |
| 264 | 1 | |a Bratislava |c 2008 | |
| 300 | |a [4 s.] | ||
| 610 | 2 | 0 | |a rast hospodársky |
| 610 | 2 | 0 | |a zmeny štruktúrne |
| 610 | 2 | 0 | |a Slovensko |
| 610 | 2 | 0 | |a Európska únia |
| 610 | 2 | 0 | |a výkonnosť ekonomiky |
| 610 | 2 | 0 | |a konkurencieschopnosť |
| 610 | 2 | 0 | |a konvergencia |
| 100 | 1 | |a Vincúr, Pavol | |
| 700 | 1 | |a Morvay, Karol, 1973- | |
| 700 | 1 | |a Fifeková, Elena | |
| 700 | 1 | |a Moravčík, Alexander | |
| 700 | 1 | |a Sekerešová, Gabriela | |
| 700 | 1 | |a Fliegová, Jana | |
| 700 | 1 | |a Havettová, Miroslava | |
| 700 | 1 | |a Mikulec, Vladimír | |
| 700 | 1 | |a Rumpelová, Daniela, 1982- | |
| 700 | 1 | |a Luchava, Ján | |
| 700 | 1 | |a Lábaj, Martin, 1982- | |